Welcome to the Holygrace Academy Library

Please use search bar below to get started

THE SIMPLER PART OF SPEECH (Record no. 3847)

MARC details
000 -LEADER
fixed length control field 00280nam a22001217a 4500
082 ## - DEWEY DECIMAL CLASSIFICATION NUMBER
Classification number 825
Item number WRE/S
100 ## - MAIN ENTRY--AUTHOR NAME
Personal name WREN, P C
245 ## - TITLE STATEMENT
Title THE SIMPLER PART OF SPEECH
260 ## - PUBLICATION, DISTRIBUTION, ETC. (IMPRINT)
Place of publication NEW DELHI
Name of publisher S.CHAND & COMPANY LTD.
300 ## - PHYSICAL DESCRIPTION
Number of Pages 04/03/2002
650 ## - SUBJECT ADDED ENTRY--TOPICAL TERM
Topical Term GRAMMAR
Geographic subdivision NEW DELHI
942 ## - ADDED ENTRY ELEMENTS (KOHA)
Koha item type Books
Holdings
Withdrawn status Lost status Collection code Home library Current library Shelving location Date acquired Source of acquisition Full call number Accession Number Koha item type
    Reference Main Library Main Library SHELF-16C -ENGLISH GRAMMAR SYNONYMS7ANTONYMS,LETTERS, ETC 04/03/2005 PURCHASE 825 WRE/S 00835 Books